Normal view
MARC view
- पाटवदकर, दीपाली
Entry Personal Name
001 - CONTROL NUMBER
- control field: 216972
003 - CONTROL NUMBER IDENTIFIER
- control field: OSt
005 - DATE AND TIME OF LATEST TRANSACTION
- control field: 20260310164608.0
008 - FIXED-LENGTH DATA ELEMENTS
- fixed length control field: 260310|| aca||aabn | a|a d
040 ## - CATALOGING SOURCE
- Original cataloging agency: OSt
- Transcribing agency: OSt
100 ## - HEADING--PERSONAL NAME
- Personal name: पाटवदकर, दीपाली
670 ## - SOURCE DATA FOUND
- Source citation: Work cat.: (OSt)370682: पाटवदकर, दीपाली, स्वातंत्र्यलढा चर्च आणि मिशनरी, 2022